000
00232nam a2200097Ia 4500
008
240625s9999 xx 000 0 und d
041
_a
eng
100
_a
MICROSOFT
245
_a
MICROSOFT OFFICE PROJECT PROFESSIONAL 20
260
_c
2003
999
_c
34644
_d
34644